000 01373cam a2200361 a 4500
003 CO-BoRNBP
005 20241002173525.0
007 ta
008 000911s2000 ck a r 00010dspa d
020 _a958801753X
040 _aCO-BoBLA
_bspa
_cCO-BoBLA
041 0 _aspa
082 0 4 _a658.8
_bS27m
_220 ed.
100 1 _aSerna Gómez, Humberto.
_922568
245 1 0 _aMercadeo interno :
_buna estrategia para gerenciar la cultura empresarial, principios, metodología y estrategias /
_cHumberto Serna Goméz.
250 _a1a. edición
300 _aix, 280 p. :
_bil. ;
_c23 cm.
336 _2rdacontent
_atexto
_btxt
337 _2rdamedia
_asin mediación
_bn
338 _2rdacarrier
_avolumen
_bnc
504 _aIncluye bibliografía.
650 7 _aMercadeo.
_2BLAAUTO
_9559
650 7 _aServicio al cliente interno.
_2BLAAUTO
_942673
650 7 _aComunicación en administración.
_2BLAAUTO
_919099
650 7 _aProductividad del trabajo.
_2BLAAUTO
_922856
650 7 _aAdministración de mercadeo.
_2BLAAUTO
_916865
650 7 _aCultura corporativa
_v Estudio de casos.
_2BLAAUTO
_942674
650 7 _aCultura corporativa.
_2BLAAUTO
740 4 2 _aUna estrategia para gerenciar la cultura empresarial, principios, metodología y estrategias.
830 0 _aPrograma de catalogación en la publicación
_942675
942 _2ddc
_cBK
949 _ac
_bn
999 _c38388
_d38388